ბათუმის შოთა რუსთაველის სახელმწიფო უნივერსიტეტის ბიბლიოთეკა

ჩანაწერი Corporate Name

ჩანაწერთა რაოდენობა, რომელიც გამოყენებულია: 1

001 - CONTROL NUMBER

  • control field: 15260

003 - CONTROL NUMBER IDENTIFIER

  • control field: GE_BSU

005 - DATE AND TIME OF LATEST TRANSACTION

  • control field: 20221011163030.0

008 - FIXED-LENGTH DATA ELEMENTS

  • fixed length control field: 221011|| aca||aabn | a|a d

040 ## - CATALOGING SOURCE

  • Original cataloging agency: GE_BSU
  • Transcribing agency: GE_BSU

110 ## - HEADING--CORPORATE NAME

  • Corporate name or jurisdiction name as entry element: აკ. წერეთლის სახელმწ. უნ-ტი
  • Subordinate unit: ამერიკის შესწავლის ცენტრი.

670 ## - SOURCE DATA FOUND

  • Source citation: Work cat.: (GE_BSU): IV საერთაშორისო კონფერენცია ამერიკისმცოდნეობაში = IV international conference on american studies :